000
00252nam a2200109Ia 4500
008
220204s9999 xx 000 0 und d
082
_a
82-3
_b
MAU
100
_a
Maugham, W Somerset
245
0
_a
Then and now
260
_a
London
_b
Pan
_c
1979
942
_c
BK
999
_c
33910
_d
33910